| 000 | 00750cam a2200229 a 4500 | ||
|---|---|---|---|
| 001 | 000014695 | ||
| 005 | 20200929163904.0 | ||
| 008 | 810813s1981 mx a b 000 0 spa d | ||
| 020 | _a9682310113 | ||
| 040 |
_aDO-SdBNP _bspa _cLC _dBNPHU |
||
| 082 |
_a305.427285 _bR188t, 1981 |
||
| 100 | 1 |
_aRandall, Margaret, _d1936- _931819 |
|
| 245 | 1 | 0 |
_aTodas estamos despiertas : _btestimonios de la mujer nicaragüense de hoy... / _cMargaret Randall. |
| 250 | _a2a ed. | ||
| 260 |
_aMéxico : _bSiglo Veintiuno, _c1981. |
||
| 300 |
_a299 p. : _bil. ; _c18 cm. |
||
| 490 | 1 | _aHistoria Inmediata | |
| 650 | 4 |
_aMujeres _zNicaragua _xCondiciones sociales _933316 |
|
| 830 | 0 |
_aHistoria Inmediata _933317 |
|
| 910 | _aCatalogación por copia / LC | ||
| 049 | _aBNGR | ||
| 999 |
_c14278 _d14278 |
||